000 00388nam a22001457a 4500
003 SGT
082 _a617.5
_bA21L
100 _aLOHAN, PREETI
245 _aAssessment of Sensorineural Hearing loss in healthy Contralateral Ear post Mastoidectomy: A Prospective study
260 _aGURUGRAM
_bSGT UNIVERSITY
_c2021
300 _a79
650 _aE.N.T.
653 _aM.S
942 _2ddc
_cTH
999 _c26488
_d26488